Introductory Mathematics for Economics and Business (Record no. 1198)
[ view plain ]
| 000 -LEADER | |
|---|---|
| Fixed length control field | 00527nam a2200181 4500 |
| 003 - CONTROL NUMBER IDENTIFIER | |
| Control field | SEACOMMC |
| 005 - DATE AND TIME OF LATEST TRANSACTION | |
| Control field | 20250411143936.0 |
| 008 - FIXED-LENGTH DATA ELEMENTS--GENERAL INFORMATION | |
| Fixed length control field | 250411b |||||||| |||| 00| 0 eng d |
| 020 ## - INTERNATIONAL STANDARD BOOK NUMBER / ISBN | |
| International Standard Book Number | 978-03-3399-442-9 |
| Price | Rs.395.00 |
| 040 ## - CATALOGING SOURCE | |
| Original cataloging agency | SEACOMMC |
| 082 ## - DEWEY DECIMAL CLASSIFICATION NUMBER | |
| Classification number | 510.02465 |
| Book Number | H 226 |
| 100 ## - MAIN ENTRY--PERSONAL NAME | |
| Personal name | Holden, K |
| 245 1# - TITLE STATEMENT | |
| Title | Introductory Mathematics for Economics and Business |
| Statement of responsibility | K Holden [and] A. W Pearson |
| 250 ## - EDITION STATEMENT | |
| Edition statement | 2nd ed. |
| 260 ## - IMPRINT | |
| Place of publication | London |
| Name of publisher | Macmillan Press |
| Date of publication | 1992 |
| 650 ## - SUBJECT ADDED ENTRY--TOPICAL TERM | |
| Topical term | Mathematics-Economics Aspects |
| 942 ## - ADDED ENTRY ELEMENTS (KOHA) | |
| Koha item type | Books |
| Withdrawn status | Lost status | Source of classification | Damaged status | Not for loan | Home library | Current library | Shelving location | Date acquired | Total Checkouts | Call number | Accession number | Date last seen | Price effective from | Koha item type | Copy number |
|---|---|---|---|---|---|---|---|---|---|---|---|---|---|---|---|
| Dewey Decimal Classification | SEACOM MANAGEMENT COLLEGE | SEACOM MANAGEMENT COLLEGE | Reference | 22/09/2007 | 510.02465 H 226 | M-64 | 11/04/2025 | 11/04/2025 | Reference Books | ||||||
| Dewey Decimal Classification | SEACOM MANAGEMENT COLLEGE | SEACOM MANAGEMENT COLLEGE | 22/09/2007 | 510.02465 H 226 | M-65 | 11/04/2025 | 11/04/2025 | Books | 1 | ||||||
| Dewey Decimal Classification | SEACOM MANAGEMENT COLLEGE | SEACOM MANAGEMENT COLLEGE | 22/09/2007 | 510.02465 H 226 | M-66 | 11/04/2025 | 11/04/2025 | Books | 2 |
